Catalogue de la Bibliothèque de l'ENSA

Etude de l'efficacité de l'utilisation de l'eau et de l'azote par les cultures associées olivier pois fourrager et olivier-orge au niveau des systèmes d'agroforesterie dans la région de Béjaia (notice nᵒ 36260)

détails MARC
005 - DATE/HEURE DE LA DERNIERE TRANSACTION
control field 20250625125143.0
037 ## - SOURCE D'ACQUISITION
Cote IA 1466 56/A-B
040 ## - SOURCE DU CATALOGAGE
Origine catalogage BC-ENSA
Langue du catalogage fre
041 ## - CODE DE LANGUE
Langue Français
Langue du résumé Français-Anglais-Arabe
080 ## - INDICE DE LA CLASSIFICATION DÉCIMALE UNIVERSELLE
Indice CDU 634.63
084 ## - DOMAINE "AGRIS"
Domaine A01 – Agriculture – Considérations générales
100 ## - VEDETTE PRINCIPALE - AUTEUR PRINCIPAL
Auteur BOUZARIOH, Malak
245 ## - MENTION DU TITRE
Titre Etude de l'efficacité de l'utilisation de l'eau et de l'azote par les cultures associées olivier pois fourrager et olivier-orge au niveau des systèmes d'agroforesterie dans la région de Béjaia
Mention de responsabilité Malak Bouzarioh
260 ## - PUBLICATION, DIFFUSION, ETC. (ADRESSE BIBLIOGRAPHIQUE)
Année d'édition 2024
300 ## - DESCRIPTION MATÉRIELLE
Nombre de pages 110 p.
Illustration 41 ill., 18 tabl., 125 réf.
Format 30 cm
541 ## - NOTE SUR LA SOURCE IMMÉDIATE D'ACQUISITION
Méthode d'acquisition Production Locale
562 ## - NOTE D'IDENTIFICATION DES EXEMPLAIRES ET VERSIONS
Nombre d'exemplaire 02 exemplaires
700 ## - DIRECTEUR DE THÈSE
NOM et Prenom HADDAD, Benalia
Fonction Directeur de Thèse
NOM et Prenom LATATI, Mourad
Fonction Co-Directeur
942 ## - ADDED ENTRY ELEMENTS (KOHA)
Type document Thèse - Mémoire
500 ## - NOTE GÉNÉRALE
Notes La Cote : IA 1466 56/B est versée en Phytotechnie
502 ## - NOTE DE THESE
Notes thèse Mém.-ing./Master : Agron.
Niveau Ingénieur/Master
Université ENSA : département de Phytotechnie
Lieu de soutenance El Harrach
650 ## - DESCRIPTEURS
Agrovoc OLIVIER/ORGE/CULTURE INTERCALAIRE/AGROFORESTERIE/POIS FOURRAGER/EAU/AZOTE/UTILISATION/EXPERIMENTATION/BEJAIA/ALGERIE
Exemplaires
statut de retrait Statut Emplacement permanent Localisation actuelle Emplacement rayonnages Cote Code à barre Koha item type
    Bibliothèque Centrale Bibliothèque Centrale Magasin sous sol IA 1466 56/A IA 1466 56/A Thèse - Mémoire
    Département de Phytotechnie Département de Phytotechnie Bibliothèque de Phytotechnie IA 1466 56/B IA 1466 56/B Thèse - Mémoire

Adresse: Ecole Nationale Supérieure Agronomique Hassen Badi - El Harrach Alger, Algérie

Tél +213 (0) 23 82 85 07+213 (0) 23 82 85 12 Fax +213 23 82 85 03/04 Courriel: bibliotheque@edu.ensa.dz